Náš zákazník, náš pán?

Rozhovor s Ing. Zdenkou Zelienkovou o spotrebiteľskej výchove u nás a v zahraničí. Komplexné porovnanie Slovenska s Nemeckom vo veci ochrany a výchovy spotrebiteľa. Pomoc zo strany štátu. Reklamácie a poradenstvo v západných krajinách. Vo východnej Európe chýba spotrebiteľská výchova. Deti a reklama...

Ausführliche Beschreibung

Gespeichert in:
Bibliographische Detailangaben
1. Verfasser: Zelienková, Zdenka
Weitere Verfasser: Lipianska, Ľudmila
Format: Buch
Sprache:Slowakisch
Schlagworte:
Tags: Tag hinzufügen
Keine Tags, Fügen Sie das erste Tag hinzu!

MARC

LEADER 00000nam a2200000 4500
001 r030408
005 20230626065314.6
041 0 |a slo 
044 |a SK 
245 1 0 |a Náš zákazník, náš pán?  |c Zdenka Zelienková, Ľudmila Lipianska 
520 |a Rozhovor s Ing. Zdenkou Zelienkovou o spotrebiteľskej výchove u nás a v zahraničí. Komplexné porovnanie Slovenska s Nemeckom vo veci ochrany a výchovy spotrebiteľa. Pomoc zo strany štátu. Reklamácie a poradenstvo v západných krajinách. Vo východnej Európe chýba spotrebiteľská výchova. Deti a reklama. Aktivity Združenia slovenských spotrebiteľov. 
610 2 0 |a spotrebitelia 
610 2 0 |a ochrana spotrebiteľa 
610 2 0 |a reklamácie 
610 2 0 |a Slovensko 
610 2 0 |a Nemecko 
610 2 0 |a marketing 
610 2 0 |a reklama 
610 2 0 |a zákazníci 
100 1 |a Zelienková, Zdenka 
700 1 |a Lipianska, Ľudmila